000 00513nam a2200181Ia 4500
008 210210b2013 xxu||||| |||| 00| 0 eng d
020 _a9788120704459
041 _aeng
082 _a820.9 IYEI
100 _aIYENGAR (Srinivasa K R)
245 _aIntroduction to the study of english literature.
260 _aNew Delhi.
_bSterling Publishers Pvt. Limited
_c2013
300 _aviii,296
650 _aEnglish Literature
690 _aEnglish Literature
700 _aNANDAKUMARA (Prema)
906 _a073856
999 _c123601
_d123601